000 00375nam a2200169Ia 4500
100 _aBritto/R.M
650 _aPhilosophy
942 _cBK
366 _f25
654 _ainspiring people
245 _aInspiring people challenging lives
260 _bBetter Yourself Books
_aBandra
_c2003
082 _a170/BRI
_bBRI
300 _a176
546 _aENGLISH
999 _c23277
_d23277